| 000 | 00000nam##2200000za#4500 |
| 001 | 9.606724 |
| 003 | CaOODSP |
| 005 | 20210624212752 |
| 007 | cr ||||||||||| |
| 008 | 150406|2005||||xxc|||||o f|0| 0 fre|d |
| 040 | |aCaOODSP|bfre |
| 043 | |an-cn--- |
| 086 | 1 |aEn49-7/1-45F-PDF |
| 110 | 1 |aCanada. |bEnvironnement Canada. |
| 245 | 10|aMéthode d'essai biologique - essai de mesure de la levée et de la croissance de plantes terrestres exposées à de contaminants dans le sol |h[ressource électronique] |
| 260 | |aOttawa - Ontario : |bEnvironnement Canada |cFévrier 2005. |
| 300 | |a155p.|bfigure, glossaire, graphiques, références, tableaux |
| 490 | 1 |aSérie de la Protection de l'environnement. [Méthodes de référence] |vSPE 1/RM/45 |
| 500 | |aLe n° de catalogue (En49-7/1-45F) et l'ISBN (0-662-79907-0) de l'édition imprimée ont été incorrectement copiés dans l'édition électronique. |
| 590 | |a14-08-Supp|b2014-04-10 |
| 775 | 08|tBiological test method - test for measuring emergence and growth of terrestrial plants exposed to contaminants in soil |w(CaOODSP)9.579102 |
| 830 | #0|aSérie de la Protection de l'environnement. [Méthodes de référence]|vSPE 1/RM/45|w(CaOODSP)9.501305 |
| 856 | 40|ahttp://publications.gc.ca|qPDF|s2.81 Mo|uhttps://publications.gc.ca/collections/collection_2014/ec/En49-7-1-45-fra.pdf|ySPE 1/RM/45 |